| 000 | 01336nam a2200373 i 4500 | ||
|---|---|---|---|
| 001 | 000016334 | ||
| 003 | DO-SdBNP | ||
| 005 | 20250924073801.0 | ||
| 007 | ta | ||
| 008 | 100303s1978 dr ab 000 0 spa d | ||
| 040 |
_aDO-SdBNP _bspa _cBNPHU _erda |
||
| 041 | _asp | ||
| 082 |
_a574.923 _bB716c _222 |
||
| 100 | 1 |
_aBonnelly Calventi, Idelisa de _eautor _936441 |
|
| 245 | 1 | 0 |
_aConservación y ecodesarrollo / _cIdelisa Bonnelly de Calventi edición Eridania Mir. |
| 264 |
_aSanto Domingo : _bUASD, _c1978. |
||
| 300 |
_a528 paginas. : _bilustraciones. ; _c26 cm. |
||
| 336 |
_2rdacontent _atexto _btxt |
||
| 337 |
_2rdamedia _asin mediación _bn |
||
| 338 |
_2rdacarrier _avolumen _bnc |
||
| 490 | 1 | _aPublicaciones de la Universidad Autónoma de Santo Domingo | |
| 490 | 1 |
_aCiencia y Tecnología _vv. 8 |
|
| 500 | _aIncluye notas al pie de las páginas | ||
| 504 | _aIncluye bibliografías | ||
| 590 | _aInventariado, 2023 /DG | ||
| 650 | 4 |
_aBiología marina _zRepública Dominica _988512 |
|
| 650 | 4 |
_aEcología marina _zRepública Dominica _988513 |
|
| 650 | 4 |
_aRecursos marítimos _zRepública Dominica _988514 |
|
| 700 | 1 |
_aMir, Eridania, _eeditor _910197 |
|
| 830 |
_aPublicaciones de la Universidad Autónoma de Santo Domingo _952 |
||
| 830 | 0 |
_aCiencia y Tecnología _nno. 8 _936442 |
|
| 910 | _aDG | ||
| 942 |
_2ddc _cLBS1 |
||
| 999 |
_c15869 _d15869 |
||